000 00469nam a2200145Ia 4500
008 100204s9999 xx 000 0 und d
082 _b5694
100 _aगोगटे शकुंतला
245 _aपूर्व - पश्चिम
260 _b"शशीदीप प्रकाशन , पुणे"
_c1983
300 _a262
630 _aपूर्व - पश्चिम
730 _aपूर्व - पश्चिम
942 _cBOOK
999 _c466721
_d466718